Prescott, Harley, and Klein's Microbiology (Record no. 16454)
[ view plain ]
| 000 -LEADER | |
|---|---|
| fixed length control field | 00641nam a22002177a 4500 |
| 003 - CONTROL NUMBER IDENTIFIER | |
| control field | ASAB |
| 005 - DATE AND TIME OF LATEST TRANSACTION | |
| control field | 20170307095158.0 |
| 008 - FIXED-LENGTH DATA ELEMENTS--GENERAL INFORMATION | |
| fixed length control field | 120420t xxu||||| |||| 00| 0 eng d |
| 020 ## - INTERNATIONAL STANDARD BOOK NUMBER | |
| International Standard Book Number | 9780071102315 |
| 040 ## - CATALOGING SOURCE | |
| Original cataloging agency | ASAB |
| Transcribing agency | ASAB |
| 050 ## - LIBRARY OF CONGRESS CALL NUMBER | |
| Classification number | 579.1 WIL |
| 082 ## - DEWEY DECIMAL CLASSIFICATION NUMBER | |
| Classification number | 579.1 WIL |
| 100 ## - MAIN ENTRY--PERSONAL NAME | |
| Personal name | Joanne M. Willey and Linda M Sherwood |
| 9 (RLIN) | 86 |
| 245 ## - TITLE STATEMENT | |
| Title | Prescott, Harley, and Klein's Microbiology |
| Statement of responsibility, etc. | Joanne M. Willey and Linda M Sherwood |
| 260 ## - PUBLICATION, DISTRIBUTION, ETC. | |
| Place of publication, distribution, etc. | Boston |
| Name of publisher, distributor, etc. | Mc Graw Hill |
| 300 ## - PHYSICAL DESCRIPTION | |
| Extent | 1088 p, (Photo Copy) |
| Other physical details | 7 th Ed |
| 440 ## - SERIES STATEMENT/ADDED ENTRY--TITLE | |
| Title | Microbiology |
| 9 (RLIN) | 87 |
| 600 ## - SUBJECT ADDED ENTRY--PERSONAL NAME | |
| Personal name | Joanne M Willey |
| 9 (RLIN) | 88 |
| 650 ## - SUBJECT ADDED ENTRY--TOPICAL TERM | |
| Source of heading or term | Microbiolgy |
| 9 (RLIN) | 89 |
| 700 ## - ADDED ENTRY--PERSONAL NAME | |
| Personal name | Joanne M Wiley |
| 9 (RLIN) | 90 |
| 942 ## - ADDED ENTRY ELEMENTS (KOHA) | |
| Source of classification or shelving scheme | |
| Koha item type | Book |
| Withdrawn status | Lost status | Source of classification or shelving scheme | Damaged status | Not for loan | Collection code | Permanent Location | Current Location | Date acquired | Total Checkouts | Full call number | Barcode | Date last seen | Price effective from | Koha item type | Date last checked out | Copy number |
|---|---|---|---|---|---|---|---|---|---|---|---|---|---|---|---|---|
| Atta-ur-Rahman School of Applied Biosciences (ASAB) | Atta-ur-Rahman School of Applied Biosciences (ASAB) | 12/04/2013 | 579.1 WIL | ASAB695 | 03/07/2017 | 12/04/2013 | Book | |||||||||
| Atta-ur-Rahman School of Applied Biosciences (ASAB) | Atta-ur-Rahman School of Applied Biosciences (ASAB) | 04/20/2012 | 1 | 579.1,WIL (C) | ASAB908 | 03/07/2017 | 04/20/2012 | Book | 10/12/2015 | photocopy | ||||||
| Atta-ur-Rahman School of Applied Biosciences (ASAB) | Atta-ur-Rahman School of Applied Biosciences (ASAB) | 04/20/2012 | 579.1,WIL (C) | ASAB905 | 05/12/2016 | 04/20/2012 | Book | photocopy | ||||||||
| Atta-ur-Rahman School of Applied Biosciences (ASAB) | Atta-ur-Rahman School of Applied Biosciences (ASAB) | 04/20/2012 | 2 | 579.1,WIL (C) | ASAB906 | 02/01/2022 | 04/20/2012 | Book | 12/16/2015 | photocopy | ||||||
| Atta-ur-Rahman School of Applied Biosciences (ASAB) | Atta-ur-Rahman School of Applied Biosciences (ASAB) | 04/20/2012 | 4 | 579.1,WIL (C) | ASAB907 | 03/29/2016 | 04/20/2012 | Book | 01/15/2016 | photocopy | ||||||
| Atta-ur-Rahman School of Applied Biosciences (ASAB) | Atta-ur-Rahman School of Applied Biosciences (ASAB) | 04/20/2012 | 2 | 579.1,WIL (C) | ASAB909 | 12/16/2015 | 04/20/2012 | Book | 12/08/2015 | photocopy |
